01196pam a2200349 a 45000010005000000030006000050050017000110080041000280100017000690200015000860200018001010400023001190420009001420500016001510820013001671000023001802450054002032500036002572600031002933000025003245050007003495200229003565210019005855210019006046000053006236000044006766500021007206500022007416500039007636500022008026510022008245549FISKH20241217123219.0960205s1996 nyu j 000 1 eng  a 96003483  a0670868612 a9781405233408 aDLCcDLCdDLCbeng alcac aPZ7.M82712  a823.914 1 aMorpurgo, Michael.14aThe ghost of Grania O'Malley /cMichael Morpurgo. aThis edition published in 2007  aNew York :bEgmont,c1996. a213 pages : b20 cm  aR  aTen-year-old Jessie, helped by her American cousin and the ghost of a notorious female pirate, finds the strength to prevail over both a crippling disease and the greedy developers intent on destroying her Irish island home.8 a710 bLexile 8 aR bRaz-Plus 10aO'Malley, Grace,d1530?-1603?xJuvenile fiction.11aO'Malley, Grace,d1530?-1603?xFiction. 1aGhostsxFiction. 1aPiratesxFiction. 1aPeople with disabilitiesvFiction. 1aCousinsxFiction. 1aIrelandxFiction.